| 000 | 00705cab a2200253 4500 | ||
|---|---|---|---|
| 001 | ABS50519 | ||
| 008 | 090401t1994 xxu||||| |||| 00| 0 eng d | ||
| 035 | _a(Sirsi) u76311 | ||
| 041 | _aeng | ||
| 100 | _aBlyth, A. | ||
| 245 | _aClient activity boosts confidence | ||
| 260 | _c1994 | ||
| 350 | _a0 | ||
| 490 |
_aArchitects` Journal _v199(12) 23 March 1994, 23-26(4) |
||
| 520 | _aReviews the RIBA workload survey for the last quarter of 1993. | ||
| 650 | _aARCHITECTS | ||
| 650 | _aRECESSION | ||
| 650 | _aRECOVERY | ||
| 650 | _aRIBA WORKLOAD SURVEY | ||
| 650 | _aWORKLOAD SURVEYS | ||
| 690 | _aMANAGEMENT-BUSINESS MANAGEMENT-PROFESSIONAL PRACTICE | ||
| 942 | _n0 | ||
| 948 | _c04/03/1997 | ||
| 999 |
_c48016 _d48016 |
||